Brenda Lee Charting Songs (Billboard Hot 100) - Statistics

General Stats
  • This quiz has been taken 16 times
  • The average score is 13 of 48
Answer Stats
Album Weeks On Peak Song % Correct
Merry Christmas from Brenda Lee 71 Weeks #1 (3 Weeks) Rockin' Around the Christmas Tree
92%
Brenda Lee 23 Weeks #1 (3 Weeks) I'm Sorry
77%
Emotions 12 Weeks #7 Emotions
69%
All Alone Am I 15 Weeks #3 All Alone Am I
62%
This is...Brenda 15 Weeks #1 (1 Week) I Want to Be Wanted
62%
Brenda Lee 24 Weeks #4 Sweet Nothin's
62%
Coming On Strong 13 Weeks #11 Coming On Strong
54%
Johnny One Time 11 Weeks #41 Johnny One Time
46%
Too Many Rivers 13 Weeks #13 Too Many Rivers
46%
..."Let Me Sing" 13 Weeks #4 Break It to Me Gently
38%
..."Let Me Sing" 13 Weeks #6 Losing You
38%
By Request 8 Weeks #17 The Grass is Greener
38%
By Request 11 Weeks #12 As Usual
31%
All the Way 12 Weeks #4 Dum Dum
31%
By Request 9 Weeks #24 My Whole World is Falling Down
31%
Non-Album Single 4 Weeks #77 Ain't Gonna Cry No More
23%
All the Way 3 Weeks #56 Eventually
23%
That's All 14 Weeks #3 Fool #1
23%
Brenda 5 Weeks #70 Nobody Wins
23%
Brenda Lee 14 Weeks #6 That's All You Gotta Do
23%
That's All 12 Weeks #6 You Can Depend on Me
23%
Non-Album Single 6 Weeks #48 Alone with You
15%
The Brenda Lee Story 9 Weeks #31 Anybody But Me
15%
Non-Album Single 11 Weeks #6 Everybody Loves Me But You
15%
Non-Album Single 10 Weeks #15 Heart in Hand
15%
Non-Album Single 3 Weeks #89 Here Comes That Feelin'
15%
Non-Album Single 3 Weeks #73 He's So Heavenly
15%
Emotions 4 Weeks #33 I'm Learning About Love
15%
Top Teen Hits 9 Weeks #17 Is It True
15%
Memphis Portrait 2 Weeks #97 I Think I Love You Again
15%
Non-Album Single 8 Weeks #29 It Started All Over Again
15%
By Request 8 Weeks #25 I Wonder
15%
This is...Brenda 5 Weeks #40 Just a Little
15%
Non-Album Single 3 Weeks #85 My Dreams
15%
Too Many Rivers 1 Week #98 No One
15%
Non-Album Single 7 Weeks #37 Ride, Ride, Ride
15%
Bye Bye Blues 9 Weeks #33 Rusty Bells
15%
Non-Album Single 6 Weeks #53 Save All Your Lovin' for Me
15%
Non-Album Single 6 Weeks #47 She'll Never Know
15%
Non-Album Single 4 Weeks #52 So Deep
15%
Non-Album Single 5 Weeks #70 Sweet Impossible You
15%
Top Teen Hits 7 Weeks #45 Thanks a Lot
15%
Top Teen Hits 4 Weeks #87 The Crying Game
15%
Too Many Rivers 9 Weeks #25 Think
15%
The Versatile Brenda Lee 6 Weeks #54 Truly, Truly, True
15%
Top Teen Hits 7 Weeks #47 When You Loved Me
15%
Non-Album Single 3 Weeks #84 You Don't Need Me For Anything Anymore
15%
Non-Album Single 7 Weeks #32 Your Used to Be
15%
No matching quizzes found
Score Distribution
Percent of People with Each Score
Percentile by Number Answered
Your Score History
You have not taken this quiz